Water desalting planning guide for water utilities : Water desalting committee of the American water works association
Đã lưu trong:
| Định dạng: | Sách |
|---|---|
| Ngôn ngữ: | Undetermined |
| Được phát hành: |
New Jersey
Wiley
2004
|
| Những chủ đề: | |
| Các nhãn: |
Thêm thẻ
Không có thẻ, Là người đầu tiên thẻ bản ghi này!
|
| Thư viện lưu trữ: | Trung tâm Học liệu Trường Đại học Cần Thơ |
|---|
| LEADER | 00545nam a2200181Ia 4500 | ||
|---|---|---|---|
| 001 | CTU_93237 | ||
| 008 | 210402s9999 xx 000 0 und d | ||
| 020 | |c 126.05 | ||
| 082 | |a 628.167 | ||
| 082 | |b W324 | ||
| 245 | 0 | |a Water desalting planning guide for water utilities : | |
| 245 | 0 | |b Water desalting committee of the American water works association | |
| 260 | |a New Jersey | ||
| 260 | |b Wiley | ||
| 260 | |c 2004 | ||
| 650 | |a Saline water conversion | ||
| 904 | |i Tuyến,Hải | ||
| 980 | |a Trung tâm Học liệu Trường Đại học Cần Thơ | ||